| 000 | 01509cam a22004214a 4500 | ||
|---|---|---|---|
| 001 | muse21016 | ||
| 003 | MdBmJHUP | ||
| 005 | 20210127151018.0 | ||
| 006 | m o d | ||
| 007 | cr||||||||nn|n | ||
| 008 | 960221s1994 quc o 00 0 fre d | ||
| 010 | _z 96117431 | ||
| 020 | _a9782760521056 | ||
| 020 | _z2760507939 | ||
| 020 | _z9782760507937 | ||
| 035 | _a(OCoLC)417077734 | ||
| 040 |
_aMdBmJHUP _cMdBmJHUP |
||
| 043 | _an-cn-qu | ||
| 050 | 0 | 4 |
_aCD974.4 _b.G47 1994 |
| 245 | 0 | 3 | _aLa gestion des archives informatiques |
| 264 | 1 | _bPresses de l'Universite du Quebec, | |
| 264 | 3 | _bProject MUSE, | |
| 300 |
_a1 online resource (xvi, 163 p.) : _bill. ; |
||
| 504 | _aIncludes bibliographical references (p. [151]-154) and index. | ||
| 506 | 0 |
_aOpen Access _fUnrestricted online access _2star |
|
| 588 | _aDescription based on print version record. | ||
| 650 | 0 |
_aElectronic records _zCanada _zQuebec (Province) _xCongresses. |
|
| 655 | 7 |
_aElectronic books. _2local |
|
| 711 | 2 |
_aConference des recteurs et des principaux des universites du Quebec _d(1994) |
|
| 710 | 2 |
_aProject Muse. _edistributor |
|
| 830 | 0 | _aBook collections on Project MUSE. | |
| 856 | 4 | 0 |
_zFull text available: _uhttps://muse.jhu.edu/book/20487/ |
| 945 | _aProject MUSE - Archive Complete Supplement | ||
| 999 |
_c24305 _d24305 |
||